Principles of quantum mechanics / (Record no. 13250)
[ view plain ]
| 000 -LEADER | |
|---|---|
| fixed length control field | 01156nam a22002897i 4500 |
| 003 - CONTROL NUMBER IDENTIFIER | |
| control field | EG-ScBUE |
| 005 - DATE AND TIME OF LATEST TRANSACTION | |
| control field | 20250601083938.0 |
| 008 - FIXED-LENGTH DATA ELEMENTS--GENERAL INFORMATION | |
| fixed length control field | 100202s1964 maua f 000 0 eng d |
| 040 ## - CATALOGING SOURCE | |
| Original cataloging agency | EG-ScBUE |
| Language of cataloging | eng |
| Description conventions | rda |
| Transcribing agency | EG-ScBUE |
| Modifying agency | EG-ScBUE |
| 041 1# - LANGUAGE CODE | |
| Language code of text/sound track or separate title | eng |
| Language code of original and/or intermediate translations of text | rus |
| 082 04 - DEWEY DECIMAL CLASSIFICATION NUMBER | |
| Edition number | 22 |
| Classification number | 530.12 |
| Item number | BLO |
| 100 1# - MAIN ENTRY--PERSONAL NAME | |
| 9 (RLIN) | 10854 |
| Personal name | Blokhint︠s︡ev, D. I. |
| Fuller form of name | (Dmitriĭ Ivanovich), |
| Dates associated with a name | 1908-1979, |
| Relator term | author. |
| 240 10 - UNIFORM TITLE | |
| Uniform title | <a href="Vvedenie v kvantovui︠u︡ mekhaniku.">Vvedenie v kvantovui︠u︡ mekhaniku.</a> |
| Language of a work | English |
| 245 10 - TITLE STATEMENT | |
| Title | Principles of quantum mechanics / |
| Statement of responsibility, etc | D. I. Blokhintsev ; translated by Scripta Technica, Inc. ; edited by Sven Bjorklund, the George Washington University. |
| 264 #1 - PUBLICATION, DISTRIBUTION, ETC. (IMPRINT) | |
| Place of publication, distribution, etc | Boston : |
| Name of publisher, distributor, etc | Allyn and Bacon, Inc., |
| Date of publication, distribution, etc | 1964. |
| 300 ## - PHYSICAL DESCRIPTION | |
| Extent | ix, 620 pages : |
| Other physical details | illustrations ; |
| Dimensions | 24 cm |
| 336 ## - CONTENT TYPE | |
| Source | rdacontent |
| Content type term | text |
| Content type code | txt |
| 337 ## - MEDIA TYPE | |
| Media type term | unmediated |
| Source | rdamedia |
| Media type code | n |
| 338 ## - CARRIER TYPE | |
| Carrier type term | volume |
| Carrier type code | nc |
| Source | rdacarrier |
| 500 ## - GENERAL NOTE | |
| General note | Includes Appendices.<br/> |
| 546 ## - LANGUAGE NOTE | |
| Language note | Text in English ; translated from the original Russian language.<br/> |
| 650 #7 - SUBJECT ADDED ENTRY--TOPICAL TERM | |
| 9 (RLIN) | 10853 |
| Topical term or geographic name as entry element | Quantum theory. |
| Source of heading or term | BUEsh |
| 655 ## - INDEX TERM--GENRE/FORM | |
| Form subdivision | Reading book |
| 700 1# - ADDED ENTRY--PERSONAL NAME | |
| 9 (RLIN) | 10852 |
| Personal name | Bjorklund, Sven, |
| Relator term | editor. |
| 710 2# - ADDED ENTRY--CORPORATE NAME | |
| 9 (RLIN) | 10851 |
| Corporate name or jurisdiction name as entry element | Scripta Technica, Inc., |
| Relator term | translator. |
| 942 ## - ADDED ENTRY ELEMENTS (KOHA) | |
| Source of classification or shelving scheme | Dewey Decimal Classification |
| Koha item type | Book - Borrowing |
| Withdrawn status | Lost status | Source of classification or shelving scheme | Damaged status | Not for loan | Collection code | Home library | Current library | Shelving location | Date acquired | Source of acquisition | Cost, normal purchase price | Total Checkouts | Full call number | Barcode | Date last seen | Price effective from | Koha item type |
|---|---|---|---|---|---|---|---|---|---|---|---|---|---|---|---|---|---|
| Dewey Decimal Classification | Alef-Baa | Central Library | Central Library | First floor | 02/02/2010 | 150.00 | 530.12 BLO | 000016706 | 15/07/2025 | 02/02/2010 | Book - Borrowing |